Sports Quiz

Random Sports Quiz

Name the cricketer from 2 clues Quiz Stats

 Plays Quiz not verified by Sporcle

Also try: Most WWE Belts
Challenge
Share
Tweet
Embed
Score 0/15 Timer 10:00
0 Plays Today
what is the link between the 2 clues Answer % Correct
007 and premium bond
88.9%
captain and chef cook
77.8%
duck and trump donald
77.8%
chess piece and title knight
72.2%
bottle stop and irish city cork
61.1%
norman stanley and england coach fletcher
44.4%
kelly and amazing grace
33.3%
bruce and jeans lee
22.2%
what is the link between the 2 clues Answer % Correct
food and NZ lamb
16.7%
olympic champion and us president johnson
16.7%
church and school bell
5.6%
james and grainger stewart
5.6%
dance and townhall
5.6%
0%
0%

You're not logged in!

Compare scores with friends on all Sporcle quizzes.
Join for Free
OR
Log In

You Might Also Like...

Show Comments

Extras

Created Jul 24, 2016ReportNominate
Tags:between, cryptic, link, player, surname, test

Top Quizzes Today


Score Distribution

Your Account Isn't Verified!

In order to create a playlist on Sporcle, you need to verify the email address you used during registration. Go to your Sporcle Settings to finish the process.

Report this User

Report this user for behavior that violates our Community Guidelines.

Details: